Music Quiz

Random Music or Rock Quiz

Finish the Rock Band Quiz Stats

 Plays Quiz Updated May 9, 2015

Score 0/30 Timer 05:00
0 Plays Today
Band Last Word % Correct
Guns N'...Roses
99.5%
The Rolling...Stones
98.1%
Foo...Fighters
97.3%
Red Hot Chili...Peppers
96.5%
The Smashing...Pumpkins
96.3%
Nine Inch...Nails
96.1%
Pearl...Jam
95.8%
Pink...Floyd
95.1%
The Goo Goo...Dolls
93.9%
Linkin...Park
93.9%
Mötley...Crüe
91%
Led...Zeppelin
90.8%
Green...Day
90.1%
Van...Halen
88.9%
Grateful...Dead
88.9%
Band Last Word % Correct
Alice in...Chains
87.5%
Deep...Purple
85.3%
Creedence Clearwater...Revival
84.9%
Kings of...Leon
84.6%
Black...Sabbath
80.5%
Lynyrd...Skynyrd
80.3%
Tom Petty and the...Heartbreakers
79%
Cheap...Trick
78.3%
The Guess...Who
73.1%
Lamb of...God
66.6%
Breaking...Benjamin
40.7%
Coheed &...Cambria
35.5%
Killswitch...Engage
35%
The Mars...Volta
29.4%
Dream...Theater
28.4%

You're not logged in!

Compare scores with friends on all Sporcle quizzes.
OR
Log In

Sporcle TV

Today on Sporcle TV


Watch our educational content, quiz creation guides, and fun videos on Sporcle TV.

Show Comments

Extras

Top Quizzes Today


Score Distribution

Your Account Isn't Verified!

In order to create a playlist on Sporcle, you need to verify the email address you used during registration. Go to your Sporcle Settings to finish the process.

Report this User

Report this user for behavior that violates our Community Guidelines.

Details: